<?xml version="1.0" encoding="UTF-8"?>
<record
    xmlns:xsi="http://www.w3.org/2001/XMLSchema-instance"
    xsi:schemaLocation="http://www.loc.gov/MARC21/slim http://www.loc.gov/standards/marcxml/schema/MARC21slim.xsd"
    xmlns="http://www.loc.gov/MARC21/slim">

  <leader>01853nmm a2200301 i 4500</leader>
  <controlfield tag="003">DO-SdISF</controlfield>
  <controlfield tag="005">20250403121424.0</controlfield>
  <controlfield tag="007">ta</controlfield>
  <controlfield tag="008">240214s2020    dr a|||fom|d| 001 0 spa d</controlfield>
  <datafield tag="040" ind1=" " ind2=" ">
    <subfield code="a">CGIP0031</subfield>
    <subfield code="b">spa</subfield>
    <subfield code="e">rda</subfield>
    <subfield code="c">CGIP0031</subfield>
  </datafield>
  <datafield tag="100" ind1="1" ind2=" ">
    <subfield code="a">Carrasco Medina, Yasmir Emperatriz</subfield>
    <subfield code="e">autor</subfield>
    <subfield code="9">31239</subfield>
  </datafield>
  <datafield tag="245" ind1="1" ind2="0">
    <subfield code="a">Opini&#xF3;n de los estudiantes de educaci&#xF3;n secundaria de Rep&#xFA;blica Dominicana acerca de la funcionalidad e importancia de la educaci&#xF3;n f&#xED;sica atendiendo al g&#xE9;nero y a su &#xED;ndice de pr&#xE1;ctica de atividad f&#xED;sica a&#xF1;o 2019-2020  /</subfield>
    <subfield code="c">sustentada : Yasmir Emperatriz Carrasco Medina ; asesor : Mar&#xED;a de los &#xC1;ngeles Fern&#xE1;ndez Villarino</subfield>
  </datafield>
  <datafield tag="264" ind1=" " ind2="1">
    <subfield code="a">Santo Domingo :</subfield>
    <subfield code="b">ISFODOSU, </subfield>
    <subfield code="c">2020</subfield>
  </datafield>
  <datafield tag="300" ind1=" " ind2=" ">
    <subfield code="a">1 recurso en l&#xED;nea (49 hojas) : </subfield>
    <subfield code="b">ilustraciones</subfield>
  </datafield>
  <datafield tag="336" ind1=" " ind2=" ">
    <subfield code="2">rdacontent</subfield>
    <subfield code="a">texto</subfield>
    <subfield code="b">txt</subfield>
  </datafield>
  <datafield tag="337" ind1=" " ind2=" ">
    <subfield code="a">computadora</subfield>
    <subfield code="b">c</subfield>
    <subfield code="2">rdamedia</subfield>
  </datafield>
  <datafield tag="338" ind1=" " ind2=" ">
    <subfield code="a">recurso en l&#xED;nea</subfield>
    <subfield code="b">cr</subfield>
    <subfield code="2">rdacarrier</subfield>
  </datafield>
  <datafield tag="347" ind1=" " ind2=" ">
    <subfield code="a">archivo de texto</subfield>
    <subfield code="b">PDF</subfield>
    <subfield code="2">rda</subfield>
  </datafield>
  <datafield tag="502" ind1=" " ind2=" ">
    <subfield code="a">Tesis para optar por el t&#xED;tulo de Maestr&#xED;a en Educaci&#xF3;n F&#xED;sica Integral - Instituto Superior de Formaci&#xF3;n Docente Salom&#xE9; Ure&#xF1;a - ISFODOSU, Recinto EMH, 2020
</subfield>
  </datafield>
  <datafield tag="504" ind1=" " ind2=" ">
    <subfield code="a">Bibliograf&#xED;a en hoja 38</subfield>
  </datafield>
  <datafield tag="505" ind1=" " ind2=" ">
    <subfield code="a">Introducci&#xF3;n al problema de investigaci&#xF3;n 9 - Revisi&#xF3;n de literatura 16 - Metodolog&#xED;a 23 - Presentaci&#xF3;n de los resultados 67 - Interpretaci&#xF3;n de resultados 26 - Discusi&#xF3;n, conclusiones, recomendaciones 32 - Referencias bibliogr&#xE1;ficas 38 - Anexo 40</subfield>
  </datafield>
  <datafield tag="650" ind1="1" ind2="4">
    <subfield code="a">Educaci&#xF3;n f&#xED;sica</subfield>
    <subfield code="z">Rep&#xFA;blica Dominicana</subfield>
    <subfield code="2">armarc</subfield>
    <subfield code="9">3852</subfield>
  </datafield>
  <datafield tag="650" ind1="1" ind2="7">
    <subfield code="a">Educaci&#xF3;n secundaria</subfield>
    <subfield code="2">armarc</subfield>
    <subfield code="9">3888</subfield>
  </datafield>
  <datafield tag="650" ind1="1" ind2="7">
    <subfield code="a">Ejercicio</subfield>
    <subfield code="x">Pr&#xE1;ctica profesional</subfield>
    <subfield code="2">armarc</subfield>
    <subfield code="9">26061</subfield>
  </datafield>
  <datafield tag="700" ind1="1" ind2=" ">
    <subfield code="a">Fern&#xE1;ndez Villarino, Mar&#xED;a &#xC1;ngeles</subfield>
    <subfield code="e">asesor</subfield>
    <subfield code="9">21369</subfield>
  </datafield>
  <datafield tag="856" ind1=" " ind2=" ">
    <subfield code="u">https://biblioteca.isfodosu.edu.do/cgi-bin/koha/opac-retrieve-file.pl?id=d873c5056bd2c9bf3283e9c78d007b24</subfield>
    <subfield code="y">Clic para ver Texto Completo</subfield>
  </datafield>
  <datafield tag="942" ind1=" " ind2=" ">
    <subfield code="2">LOC</subfield>
    <subfield code="c">TESIS</subfield>
  </datafield>
  <datafield tag="999" ind1=" " ind2=" ">
    <subfield code="c">13405</subfield>
    <subfield code="d">13405</subfield>
  </datafield>
  <datafield tag="952" ind1=" " ind2=" ">
    <subfield code="0">0</subfield>
    <subfield code="1">0</subfield>
    <subfield code="2">ddc</subfield>
    <subfield code="4">0</subfield>
    <subfield code="7">0</subfield>
    <subfield code="a">RII</subfield>
    <subfield code="b">RII</subfield>
    <subfield code="d">2025-04-03</subfield>
    <subfield code="l">0</subfield>
    <subfield code="r">2025-04-03 12:13:57</subfield>
    <subfield code="w">2025-04-03</subfield>
    <subfield code="y">TED</subfield>
  </datafield>
</record>
